000 00673nam a2200181Ia 4500
008 090630s9999 xx 000 0 und d
082 _b19560
100 _aपाटील रघुनाथ एम.
245 _aवणव्यातल्या वेली.
_cपाटील रघुनाथ एम.
260 _bडिंपल - वसई.
_c1996
300 _a190
600 _aपाटील रघुनाथ एम.
630 _aवणव्यातल्या वेली.
655 _aलघुकथा.
700 _aपाटील रघुनाथ एम.
730 _aवणव्यातल्या वेली.
942 _cBOOK
999 _c271416
_d271416